| 000 | 00383nam a22001457a 4500 | ||
|---|---|---|---|
| 008 | 210527b ||||| |||| 00| 0 eng d | ||
| 020 | _a9789059660373 | ||
| 041 | _aeng | ||
| 080 | _a574 | ||
| 082 | _a574 | ||
| 100 | _a9 | ||
| 101 | _aMJE | ||
| 245 |
_aEcological Problems Caused by Coal Mining and Processing with Suggestions for Remediation _cA.K.M. Rainbow |
||
| 942 |
_2udc _cBK |
||
| 999 |
_c57748 _d57748 |
||